Institute of Historic Building Conservation (Record no. 115756)
[ view plain ]
| 000 -LEADER | |
|---|---|
| fixed length control field | 01422cam a22002175a 4500 |
| 001 - CONTROL NUMBER | |
| control field | L159239 |
| 008 - FIXED-LENGTH DATA ELEMENTS--GENERAL INFORMATION | |
| fixed length control field | 100625s2016 xxko f 001 0 eng d |
| 020 ## - INTERNATIONAL STANDARD BOOK NUMBER | |
| International Standard Book Number | 9781900915816 |
| 035 ## - SYSTEM CONTROL NUMBER | |
| System control number | (Sirsi) u159239 |
| 041 0# - LANGUAGE CODE | |
| Language code of text/sound track or separate title | eng |
| 050 04 - LIBRARY OF CONGRESS CALL NUMBER | |
| Classification number | 690.241 $2 18 |
| 110 2# - MAIN ENTRY--CORPORATE NAME | |
| Corporate name or jurisdiction name as entry element | Institute of Historic Building Conservation |
| 9 (RLIN) | 3725 |
| 245 00 - TITLE STATEMENT | |
| Title | Institute of Historic Building Conservation |
| Remainder of title | yearbook 2016 |
| 260 ## - PUBLICATION, DISTRIBUTION, ETC. | |
| Place of publication, distribution, etc. | Tisbury |
| Name of publisher, distributor, etc. | Cathedral Communications Limited |
| Date of publication, distribution, etc. | 2016 |
| 300 ## - PHYSICAL DESCRIPTION | |
| Extent | 100p. |
| Other physical details | ill. |
| Dimensions | 30cm. |
| 505 2# - FORMATTED CONTENTS NOTE | |
| Formatted contents note | Structure of the IHBC -- Elected and appointed officers -- Branch contacts -- Membership of the IHBC -- Chair's review -- The IHBC comes of age -- Heritage and value -- The case for incentives -- Neighbourhood planning in the Baltic Triangle -- Nudge theory -- Care in the community -- Directory of members -- HESPR companies -- Courses and events -- Empowering volunteers -- IHBC-recognised courses -- National organisations -- Local authority contacts -- Products and services -- Advertisers index |
| 520 ## - SUMMARY, ETC. | |
| Summary, etc. | This yearbook includes details of IHBC structure and membership, a review of the work of the organisation and its members, a directory of members and Historic Environment Service Provider (HESPR) companies, information on courses and training, lists of useful addresses and a directory of products and services. |
| 651 #4 - SUBJECT ADDED ENTRY--GEOGRAPHIC NAME | |
| Geographic name | United Kingdom |
| Chronological subdivision | |
| 690 ## - LOCAL SUBJECT ADDED ENTRY--TOPICAL TERM (OCLC, RLIN) | |
| Topical term or geographic name as entry element | Conservation and restoration |
| 942 ## - ADDED ENTRY ELEMENTS (KOHA) | |
| Suppress in OPAC | 0 |
| Withdrawn status | Lost status | Source of classification or shelving scheme | Damaged status | Not for loan | Home library | Current library | Shelving location | Date acquired | Total Checkouts | Full call number | Barcode | Date last seen | Copy number | Price effective from | Koha item type |
|---|---|---|---|---|---|---|---|---|---|---|---|---|---|---|---|
| Dewey Decimal Classification | London | London | Folio | 22/03/2016 | F690.241 IHB | 30079040 | 06/08/2019 | 1 | 06/08/2019 | Book |